Biblioteca

Mission, renewal, and the future of the church (Registro nro. 57369)

Detalles MARC
000 -LÍDER
Campo fijo de descripción fija 01121aab a2200193 i 4500
001 - NÚMERO DE CONTROL
Campo de control 768714001
003 - IDENTIFICADOR DEL NÚMERO DE CONTROL
Campo de control CO-MdFUSB
005 - FECHA Y HORA DE LA ULTIMA TRANSACCIÓN
control field 20240806103639.0
008 - ELEMENTOS DE LONGITUD FIJA -- INFORMACIÓN GENERAL
Campo fijo de descripción fija -- Información general 240806t1997 -us||||| |||| 00| 0 eng d
040 ## - FUENTE DE CATALOGACIÓN
Idioma de catalogación spa
Agencia que realiza la transcripción CO-MdFUSB
041 ## - CÓDIGO DE IDIOMA
Código de idioma para texto/pista de sonido o título separado eng
100 1# - ASIENTO PRINCIPAL--NOMBRE PERSONAL
Nombre personal Shenk, Wilbert R.
Término relacionador autor
245 10 - TÍTULO
Título Mission, renewal, and the future of the church
Mención de responsabilidad / Wilbert R. Shenk
520 ## - NOTA DE RESUMEN, ETC.
Nota de sumario, etc. La renovación de las iglesias es una prioridad máxima para muchas iglesias a nivel mundial. Los cristianos protestantes a menudo se asocian con la idea de reforma, avivamiento o renovación. De hecho, la "Reforma" histórica y religiosamente estuvo en la posición protestante. En el siglo XX, toda la cultura de la Iglesia occidental giraba en torno a la renovación. <br/>Además, los misioneros modernos fundaron la mayoría de las iglesias en Asia, África y América Latina, muchas de las cuales siguen existiendo.
546 ## - NOTA DE IDIOMA
Nota de idioma Texto en inglés.
773 0# - ASIENTO DE ITEM FUENTE
Título International Bulletin
Biblionumber 49483
Itemnumber 61008
Parte(s) relacionada(s) / Volumen., número. (mes año), páginas Volumen 21, (número 4, 1997), páginas: 154 - 159
Enumeración y primera página 154-159
942 ## - TIPO DE MATERIAL (KOHA)
Tipo de Item KOHA Artículos de Revista
945 ## - INFORMACIÓN LOCAL DEL REGISTRO
Catalogador Catherine Arias Álvarez - Practicante SENA
Existencias
Expurgo - (Retirado) Estado de Perdido Estado de Dañado No prestable Colección Ubicación habitual Ubicación actual Fecha de Adquisición Signatura Topográfica Tipo de Material
        Colección de Hemeroteca Biblioteca FUSBC Biblioteca FUSBC 26/01/2016 Artículos de Revista

Biblioteca FUSBC | Teléfono: (57+4) 349 88 10 Ext. 141| WhatsApp (+57) 3005338115 
E-mail: biblioteca@unisbc.edu.co | Calle 76 87-14 Robledo Palenque, Medellín, Colombia

Con tecnología Koha